Maritime Law

Detalles Bibliográficos
Autor principal: Gold, Edgar
Otros Autores: Chircop, Aldo, Kindred, Hugh M.
Formato: eBook
Lenguaje:inglés
Publicado: Toronto: Irwin Law Inc., 2003
Materias:
Acceso en línea:Acceso restringido

MARC

LEADER 00000nam a22000007a 4500
005 20210830221821.0
007 cr|||| ||||
008 210830s2003 ca |||||s|||| 00||0 eng d
020 |a 9781459313330 
035 |a 35269 
040 |a vLex 
090 |c 12159  |d 12159 
100 1 |a Gold, Edgar 
245 1 0 |a Maritime Law  |h [Recurso electrn̤ico] /  |c Edgar Gold, Aldo Chircop, Hugh M. Kindred 
256 |a Servicio en ln̕ea 
260 |a Toronto:  |b Irwin Law Inc.,  |c 2003 
300 |a 1 recurso electrn̤ico 
506 1 |a Disponible solo en los productos indicados  |d vLex Global  |d vLex Global (Academic Edition, excluding Law Schools)  |d vLex Global (U.S. Academic Edition, Law Schools)  |d vLex Global (U.S. Academic Edition, excluding Law Schools)  |d vLex Global (Academic Edition, Law Schools) 
650 0 4 |a Derecho Internacional  |z Canad̀ 
700 1 |a Chircop, Aldo 
700 1 |a Kindred, Hugh M. 
740 0 |a vLex Libros (Servicio en ln̕ea) 
856 4 0 |u https://app.vlex.com/#/sources/35269  |z Acceso restringido 
942 |c BOOK 
999 0 |a International right